000 00432nam a2200121Ia 4500
008 200925s9999 xx 000 0 und d
020 _a978-971-9654-29-2
100 _aLuna, Alden Reuben
245 _cAlden Rueben Luna.--
_aLabor Laws and legislation /
260 _aManila :
_bUnlimited Books Library Services & Publishing Inc.
_c2016
300 _avi , 468 pages :
_billustrations ;
_c23 cm.
650 _aLabor -- law and legislation
999 _c364499
_d364499